Statistics for Richest Countries by Per-Capita GDP

Click here to take the quiz!

General Stats

  • This quiz has been taken 118,919 times
    (14,364 since last reset)
  • The average score is 16 of 21

Answer Stats

Income Country % Correct
$65,500United States
95%
$56,200Sweden
89%
$74,400Norway
89%
$196,000Monaco
88%
$112,000Luxembourg
86%
$65,500Switzerland
84%
$76,900United Arab Emirates
83%
$56,100Denmark
82%
$131,000Liechtenstein
81%
$103,000Singapore
81%
$128,000Qatar
81%
$54,300Australia
78%
$57,300Netherlands
74%
$58,400San Marino
73%
$56,300Saudi Arabia
73%
$59,300Iceland
71%
$75,900Kuwait
70%
$86,000Ireland
69%
$57,400Taiwan
58%
$90,100Brunei
57%
$55,600Malta
52%

Score Distribution

Percentile by Number Answered

Percent of People with Each Score

Your Score History

You have not taken this quiz since the last reset